Memoria de la Comisión geológica del Valle del Mezquital, Hgo. (Record no. 27536)
[ view plain ]
| 000 -LEADER | |
|---|---|
| fixed length control field | 01619cam a22003371 4500 |
| 001 - CONTROL NUMBER | |
| control field | gs 39000125 |
| 003 - CONTROL NUMBER IDENTIFIER | |
| control field | DLC |
| 005 - DATE AND TIME OF LATEST TRANSACTION | |
| control field | 20260227111344.0 |
| 008 - FIXED-LENGTH DATA ELEMENTS--GENERAL INFORMATION | |
| fixed length control field | 850912s1938 mx ab 000 0 spa |
| 010 ## - LIBRARY OF CONGRESS CONTROL NUMBER | |
| LC control number | gs 39000125 |
| 035 ## - SYSTEM CONTROL NUMBER | |
| System control number | (OCoLC)14045533 |
| 040 ## - CATALOGING SOURCE | |
| Original cataloging agency | DLC |
| Transcribing agency | MnU |
| Modifying agency | DLC |
| 042 ## - AUTHENTICATION CODE | |
| Authentication code | premarc |
| 043 ## - GEOGRAPHIC AREA CODE | |
| Geographic area code | n-mx--- |
| 050 00 - LIBRARY OF CONGRESS CALL NUMBER | |
| Classification number | QE203.H3 |
| Item number | M4 |
| 110 2# - MAIN ENTRY--CORPORATE NAME | |
| Corporate name or jurisdiction name as entry element | Universidad Nacional de México. |
| Subordinate unit | Instituto de Geología. |
| 245 10 - TITLE STATEMENT | |
| Title | Memoria de la Comisión geológica del Valle del Mezquital, Hgo. |
| 260 ## - PUBLICATION, DISTRIBUTION, ETC. | |
| Place of publication, distribution, etc. | México, |
| Name of publisher, distributor, etc. | D.A.P.P., |
| Date of publication, distribution, etc. | 1938. |
| 300 ## - PHYSICAL DESCRIPTION | |
| Extent | xi, 239, [2] p., 1 . |
| Other physical details | incl. illus. (incl. plans) tables. 7 fold. maps (in separate envelope, laid in) diagrs. (1 fold.) |
| Dimensions | 23cm. |
| 500 ## - GENERAL NOTE | |
| General note | At head of title: Universidad nacional de México. Instituto de geología. Director del Instituto: Ing. Manuel Santillán. |
| 505 0# - FORMATTED CONTENTS NOTE | |
| Formatted contents note | Fisiografía e hidrografía, por Luis Blásquez L.--Geología, por Luis Blásquez L. (Paleontología, por F. K. G. Müllerried)--Hidrogeología, por Luis Blásquez L.--Criaderos de minerales metálicos, por T. Flores.--Yacimientos minerales no-metálicos, por Raúl Lozano García.--Agrogeología, por Rafael Ortiz Mena. |
| 650 #0 - SUBJECT ADDED ENTRY--TOPICAL TERM | |
| Topical term or geographic name entry element | Geology |
| Geographic subdivision | Mexico |
| -- | Hidalgo (State) |
| 650 #0 - SUBJECT ADDED ENTRY--TOPICAL TERM | |
| Topical term or geographic name entry element | Mines and mineral resources |
| Geographic subdivision | Mexico |
| -- | Hidalgo (State) |
| 650 #0 - SUBJECT ADDED ENTRY--TOPICAL TERM | |
| Topical term or geographic name entry element | Water-supply |
| Geographic subdivision | Mexico |
| -- | Hidalgo (State) |
| 700 2# - ADDED ENTRY--PERSONAL NAME | |
| Personal name | Blásquez Lopez, Luis, |
| Dates associated with a name | 1900- |
| 700 1# - ADDED ENTRY--PERSONAL NAME | |
| Personal name | Müllerried, Friedrich Karl Gustav, |
| Dates associated with a name | 1891- |
| 700 1# - ADDED ENTRY--PERSONAL NAME | |
| Personal name | Flores, Teodoro. |
| 700 2# - ADDED ENTRY--PERSONAL NAME | |
| Personal name | Lozano Garcia, Raúl. |
| 700 2# - ADDED ENTRY--PERSONAL NAME | |
| Personal name | Ortiz Mena, Rafael. |
| 710 2# - ADDED ENTRY--CORPORATE NAME | |
| Corporate name or jurisdiction name as entry element | Comisión geológia del Valle del Mezquital, Hidalgo. |
No items available.